[Event "5th EuroChamp"]
[Site "?"]
[Date "2004.05.28"]
[Round "12.13"]
[White "Stefansson, Hannes"]
[Black "Akesson, Ralf"]
[Result "1-0"]
[WhiteElo "2567"]
[BlackElo "2476"]
[PlyCount "98"]
[EventDate "2004.05.28"]

1. e4 c6 2. d4 d5 3. Nd2 dxe4 4. Nxe4 Nd7 5. Ng5 Ngf6 6. Bd3 e6 7. N1f3 Bd6 8.
Qe2 h6 9. Ne4 Nxe4 10. Qxe4 Nf6 11. Qe2 b6 12. Bd2 Bb7 13. O-O-O Qc7 14. Ne5
O-O-O 15. f4 c5 16. dxc5 Bxc5 17. Kb1 Kb8 18. a3 Rhf8 19. Rhf1 Nd7 20. Bc3 f6
21. Nf3 Rfe8 22. Bc4 Nf8 23. g3 Rxd1+ 24. Rxd1 Rd8 25. Nd4 Qc8 26. Rd2 Re8 27.
Bb5 Re7 28. Nb3 Nd7 29. Nxc5 Nxc5 30. Qd1 Bd5 31. Bb4 a5 32. f5 axb4 33. fxe6
bxa3 34. Rxd5 Qxe6 35. Rd6 Qe1 36. bxa3 Qxd1+ 37. Rxd1 Kc7 38. Kb2 Re4 39. Rd2
Na4+ 40. Bxa4 Rxa4 41. Re2 Kd6 42. Re8 h5 43. Rb8 Kc7 44. Rh8 g6 45. Rf8 f5 46.
Rf7+ Kc8 47. Rf6 Rg4 48. Rxb6 h4 49. Rb4 hxg3 1-0

[Event "5th EuroChamp"]
[Site "?"]
[Date "2004.05.28"]
[Round "12.15"]
[White "Radulski, Julian"]
[Black "Guseinov, Gadir"]
[Result "1/2-1/2"]
[WhiteElo "2497"]
[BlackElo "2548"]
[PlyCount "83"]
[EventDate "2004.05.28"]

1. e4 c5 2. Nf3 Nc6 3. d4 cxd4 4. Nxd4 g6 5. Nc3 Bg7 6. Nb3 Nf6 7. Be2 O-O 8.
O-O a5 9. a3 a4 10. Nd2 d5 11. exd5 Nxd5 12. Nxd5 Qxd5 13. Nc4 Qxd1 14. Rxd1
Nd4 15. Bd3 Ra6 16. Ne3 Rd6 17. Rb1 Rfd8 18. Nc4 Rc6 19. Bg5 Bg4 20. Rd2 Be6
21. Ne3 f6 22. Bf4 Ba2 23. Rbd1 e5 24. Bg3 Bf7 25. f4 exf4 26. Bxf4 Ne6 27. Bg3
f5 28. Bf2 Bxb2 29. Bb5 Rxd2 30. Rxd2 Rc8 31. Nc4 Bf6 32. Nd6 Rc3 33. Nxf7 Kxf7
34. Rd7+ Be7 35. Rxb7 Rxa3 36. g3 Ra1+ 37. Kg2 Kf6 38. Rb6 Rd1 39. Bxa4 Rd6 40.
Rxd6 Bxd6 41. Bb3 g5 42. Kf3 1/2-1/2

[Event "5th EuroChamp"]
[Site "?"]
[Date "2004.05.28"]
[Round "12.16"]
[White "Cheparinov, Ivan"]
[Black "Pashikian, Arman"]
[Result "1/2-1/2"]
[WhiteElo "2555"]
[BlackElo "2466"]
[PlyCount "72"]
[EventDate "2004.05.28"]

1. e4 e5 2. Nf3 Nf6 3. Nxe5 d6 4. Nf3 Nxe4 5. Nc3 Nxc3 6. dxc3 Be7 7. Bf4 Nd7
8. Qd2 O-O 9. O-O-O Re8 10. Bc4 Nb6 11. Bd3 Be6 12. h4 Qd7 13. Ng5 Bf5 14. g4
Qa4 15. Kb1 Bxd3 16. cxd3 Bxg5 17. Bxg5 Re6 18. h5 Rae8 19. Be3 Nd5 20. h6 Nxe3
21. fxe3 Rxe3 22. c4 g6 23. Rde1 Rxe1+ 24. Rxe1 Rxe1+ 25. Qxe1 Kf8 26. a3 Qd7
27. Qe4 c5 28. Ka2 Qe7 29. Qf3 Ke8 30. b4 Kd8 31. Kb3 Kc7 32. Qf4 Kc6 33. Qf3+
Kc7 34. Qf4 Kc6 35. Qf3+ Kb6 36. Qf4 Kc6 1/2-1/2

[Event "5th EuroChamp"]
[Site "?"]
[Date "2004.05.28"]
[Round "12.20"]
[White "Petrosian, Tigran L"]
[Black "Grunberg, Mihai-Lucian"]
[Result "0-1"]
[WhiteElo "2539"]
[BlackElo "2401"]
[PlyCount "104"]
[EventDate "2004.05.28"]

1. e4 Nf6 2. e5 Nd5 3. d4 d6 4. Nf3 dxe5 5. Nxe5 c6 6. Qf3 Be6 7. a3 Nd7 8. Nd3
g6 9. c4 N5b6 10. b3 Bg7 11. Bb2 O-O 12. Nf4 Bf5 13. Bd3 Bxd3 14. Nxd3 e5 15.
dxe5 Nxe5 16. Bxe5 Re8 17. O-O Bxe5 18. Nxe5 Rxe5 19. Rd1 Qe7 20. Nd2 Re8 21.
Nf1 a5 22. Qd3 Qc5 23. Qd4 a4 24. b4 Qxd4 25. Rxd4 Re1 26. Rxe1 Rxe1 27. g4 Ra1
28. g5 Kf8 29. Kg2 Rxa3 30. Nd2 Ke7 31. c5 Nd5 32. b5 Rd3 33. Re4+ Kd8 34. bxc6
bxc6 35. Nc4 a3 36. Ne5 a2 37. Ra4 Rb3 38. Nxc6+ Kc7 39. Na5 Rd3 40. h4 Nc3 41.
Ra3 Rd1 42. Nb3 Rb1 43. Nd2 Rb2 44. Nc4 Rb4 45. Ne3 Ra4 46. Nd5+ Kd8 47. Rxc3
a1=Q 48. c6 Qxc3 49. Nxc3 Rxh4 50. Nb5 Rg4+ 51. Kh3 Rxg5 52. Nd6 Kc7 0-1

[Event "5th EuroChamp"]
[Site "?"]
[Date "2004.05.28"]
[Round "12.22"]
[White "Nedev, Trajce"]
[Black "Erdogdu, Mert"]
[Result "1-0"]
[WhiteElo "2489"]
[BlackElo "2369"]
[PlyCount "73"]
[EventDate "2004.05.28"]

1. e4 e5 2. Nf3 Nc6 3. d4 exd4 4. Nxd4 Bc5 5. Be3 Qf6 6. c3 Nge7 7. g3 Bxd4 8.
cxd4 d5 9. Bg2 Be6 10. O-O dxe4 11. Nc3 O-O 12. Bxe4 Rac8 13. Qh5 g6 14. Qb5
Nxd4 15. Qxb7 Bh3 16. Rfd1 c5 17. Qxa7 Qe5 18. Qa6 Nef5 19. Bf4 Qg7 20. Qc4 g5
21. Be3 Qe5 22. Bxg5 Nxg3 23. f4 Nf3+ 24. Kf2 Nxe4+ 25. Qxe4 Qxe4 26. Nxe4 Nxg5
27. fxg5 c4 28. a4 Ra8 29. a5 Rfb8 30. Ra2 Rb5 31. Rd5 Rbb8 32. Nf6+ Kg7 33.
Nh5+ Kf8 34. Nf4 Bc8 35. Rc5 Ba6 36. Nd5 Bb7 37. Nb6 1-0

[Event "5th EuroChamp"]
[Site "?"]
[Date "2004.05.28"]
[Round "12.23"]
[White "Minasian, Artashes"]
[Black "Soylu, Suat"]
[Result "1-0"]
[WhiteElo "2585"]
[BlackElo "2397"]
[PlyCount "107"]
[EventDate "2004.05.28"]

1. e4 c5 2. f4 d5 3. exd5 Nf6 4. Bb5+ Nbd7 5. c4 a6 6. Ba4 b5 7. cxb5 Nxd5 8.
Nc3 N7b6 9. bxa6+ Bd7 10. Bxd7+ Qxd7 11. d4 cxd4 12. Qxd4 e6 13. Nf3 Nxc3 14.
Qxd7+ Kxd7 15. bxc3 Bd6 16. Ng5 f6 17. Nf7 Rhc8 18. Nxd6 Kxd6 19. Ba3+ Kc6 20.
O-O Rxa6 21. Bb4 Nd5 22. a3 Kb5 23. Rf3 Rc4 24. Rb1 Ka4 25. g3 Rac6 26. Re1 g6
27. Kg2 h5 28. h4 f5 29. Re5 Kb3 30. Re1 Ka4 31. Re2 Kb5 32. Rd3 Kb6 33. Re5
Kc7 34. Kf2 Ra6 35. Ke2 Rac6 36. Kd2 Kb6 37. Kc2 Nxb4+ 38. axb4 Rxb4 39. Rxe6
Rbc4 40. Rxc6+ Rxc6 41. Rd5 Re6 42. Kd3 Kc6 43. Ra5 Kb6 44. Re5 Rd6+ 45. Kc4
Kc6 46. Rc5+ Kb6 47. Rd5 Re6 48. Re5 Rd6 49. Kb4 Kc7 50. Re7+ Kc6 51. c4 Rf6
52. c5 Rf8 53. Re6+ Kd5 54. Rd6+ 1-0

[Event "5th EuroChamp"]
[Site "?"]
[Date "2004.05.28"]
[Round "12.24"]
[White "Mastrovasilis, Athanasios"]
[Black "Bakalarz, Mieczyslaw"]
[Result "1-0"]
[WhiteElo "2488"]
[BlackElo "2333"]
[PlyCount "53"]
[EventDate "2004.05.28"]

1. Nf3 Nf6 2. g3 g6 3. b4 a5 4. b5 Bg7 5. Bb2 O-O 6. c4 d6 7. Bg2 e5 8. Nc3
Nbd7 9. d3 Nc5 10. O-O h6 11. Nd2 Be6 12. Nb3 Nfd7 13. Nxc5 Nxc5 14. Ba3 e4 15.
Nxe4 Nxe4 16. Bxe4 Rb8 17. Rb1 Bh3 18. Bg2 Bxg2 19. Kxg2 Re8 20. e4 c6 21. Qa4
d5 22. bxc6 dxe4 23. dxe4 Rxe4 24. cxb7 Qc7 25. Qb5 Rxc4 26. Bd6 Rxb7 27. Qe8+
1-0

[Event "5th EuroChamp"]
[Site "?"]
[Date "2004.05.28"]
[Round "12.25"]
[White "Karadeniz, Emre"]
[Black "Van Der Stricht, Geert"]
[Result "0-1"]
[WhiteElo "2310"]
[BlackElo "2450"]
[PlyCount "74"]
[EventDate "2004.05.28"]

1. e4 c5 2. Nf3 d6 3. d4 cxd4 4. Nxd4 Nf6 5. Nc3 a6 6. Bg5 e6 7. f4 Be7 8. Qf3
h6 9. Bh4 Qc7 10. O-O-O Nbd7 11. Bd3 g5 12. fxg5 Ne5 13. Qe2 Nfg4 14. h3 hxg5
15. Bg3 Nf6 16. Rhf1 Bd7 17. Rf2 O-O-O 18. Rdf1 Nh5 19. Bh2 Nf4 20. Qe3 Qc5 21.
Kd2 Kb8 22. Nde2 Qxe3+ 23. Kxe3 Nfg6 24. Bg3 g4 25. Ng1 Rdg8 26. Ke2 gxh3 27.
Nxh3 Bh4 28. Bxh4 Nxh4 29. Rg1 Nxg2 30. Rgxg2 Rxg2 31. Rxg2 Rxh3 32. Nd1 Rh1
33. Nf2 Ra1 34. Ng4 Nxg4 35. Rxg4 Rxa2 36. b3 Kc7 37. Rf4 Be8 0-1

[Event "5th EuroChamp"]
[Site "?"]
[Date "2004.05.28"]
[Round "12.26"]
[White "Klinova, Masha"]
[Black "Aleskerov, Faik"]
[Result "1/2-1/2"]
[WhiteElo "2436"]
[BlackElo "2167"]
[PlyCount "36"]
[EventDate "2004.05.28"]

1. e4 e6 2. d3 d5 3. Nd2 Nf6 4. Ngf3 Be7 5. c3 O-O 6. Be2 c5 7. O-O b5 8. exd5
exd5 9. d4 c4 10. Ne5 Nfd7 11. a4 bxa4 12. Qxa4 Nb6 13. Qc2 f6 14. Nef3 Kh8 15.
b3 Qc7 16. bxc4 dxc4 17. Ba3 Bxa3 18. Rxa3 Qe7 1/2-1/2

[Event "5th EuroChamp"]
[Site "?"]
[Date "2004.05.28"]
[Round "12.27"]
[White "Mamedjarova, Zeinab"]
[Black "Markowski, Tomasz"]
[Result "0-1"]
[WhiteElo "2343"]
[BlackElo "2605"]
[PlyCount "166"]
[EventDate "2004.05.28"]

1. d4 d6 2. Nf3 g6 3. c4 Bg7 4. Nc3 c5 5. e3 Nf6 6. Be2 O-O 7. O-O e6 8. b3 b6
9. Bb2 Bb7 10. Qc2 Nc6 11. Rad1 Qe7 12. Rd2 Rfd8 13. Rfd1 Rac8 14. Qb1 cxd4 15.
Nxd4 Nxd4 16. Rxd4 a6 17. R4d2 Bc6 18. Qa1 Ne8 19. Bf1 Qb7 20. Ne2 Bxb2 21.
Qxb2 Qe7 22. Qd4 Rb8 23. Nc3 e5 24. Qd3 Nf6 25. a4 Kg7 26. Qc2 a5 27. Qb2 Rd7
28. Be2 Rbd8 29. Bf3 e4 30. Be2 Qe5 31. Bf1 h5 32. Ne2 Qxb2 33. Rxb2 Kf8 34.
Rbd2 Ke7 35. Nd4 Rc7 36. f3 Bb7 37. Nb5 Rcd7 38. Kf2 d5 39. Nd4 Rc8 40. Rc2
Rdc7 41. Rdd2 h4 42. Be2 dxc4 43. bxc4 Ba6 44. Rb2 Nd7 45. Nb5 Bxb5 46. cxb5
Nc5 47. Rd4 Rd8 48. Rc2 f5 49. Rcc4 Rdc8 50. fxe4 Nxe4+ 51. Rxe4+ fxe4 52.
Rxe4+ Kf6 53. Rxh4 Rc2 54. Rf4+ Kg7 55. Kf3 Ra2 56. Bc4 Rxa4 57. Rf7+ Kh6 58.
Bd5 Rc5 59. Rd7 Rb4 60. e4 Rb2 61. h4 Rc3+ 62. Kf4 Rxg2 63. Rd6 Kh5 64. Rxb6
Kxh4 65. Ra6 g5+ 66. Ke5 Rb2 67. b6 Rc5 68. Kd4 Rcb5 69. b7 g4 70. Rg6 a4 71.
Rg8 a3 72. Rh8+ Kg3 73. Ra8 a2 74. Bxa2 Rxb7 75. Bd5 Re7 76. Rg8 Rf2 77. Rg6
Rf4 78. Ke3 Ra7 79. Kd4 Ra4+ 80. Ke5 Kf3 81. Rb6 Raxe4+ 82. Bxe4+ Rxe4+ 83. Kf5
g3 0-1

[Event "5th EuroChamp"]
[Site "?"]
[Date "2004.05.28"]
[Round "12.28"]
[White "Iotov, Valentin"]
[Black "Drabke, Lorenz"]
[Result "1-0"]
[WhiteElo "2342"]
[BlackElo "2453"]
[PlyCount "93"]
[EventDate "2004.05.28"]

1. d4 d5 2. Nf3 Nf6 3. c4 c6 4. Nc3 dxc4 5. e3 b5 6. a4 b4 7. Na2 e6 8. Bxc4 a5
9. O-O Be7 10. Qe2 Nbd7 11. Bd2 Bb7 12. Nc1 O-O 13. Nb3 Qb6 14. Rfd1 Rfc8 15.
Be1 c5 16. Bb5 Bd5 17. Nfd2 cxd4 18. Nxd4 Ne5 19. f3 Bc5 20. Bf2 Qa7 21. N2b3
Bb6 22. e4 Bb7 23. Rd2 Ne8 24. Bxe8 Rxe8 25. Nb5 Bxf2+ 26. Qxf2 Qxf2+ 27. Kxf2
Nc4 28. Rc2 Rec8 29. Rac1 Nb6 30. Nd6 Rxc2+ 31. Rxc2 Ba6 32. Nc5 Bc8 33. b3 f6
34. f4 h5 35. Ke3 Kh7 36. Nb5 Rb8 37. Nd4 e5 38. fxe5 fxe5 39. Nc6 Ra8 40. Nxe5
Ra7 41. Ncd3 Re7 42. Rc6 Rb7 43. Nc5 Rb8 44. Rc7 Bg4 45. h3 Bd1 46. Ne6 Rg8 47.
Ng5+ 1-0

[Event "5th EuroChamp"]
[Site "?"]
[Date "2004.05.28"]
[Round "12.29"]
[White "Mazi, Leon"]
[Black "Ersahin, Bulent"]
[Result "1/2-1/2"]
[WhiteElo "2417"]
[BlackElo "2070"]
[PlyCount "123"]
[EventDate "2004.05.28"]

1. e4 c5 2. Nf3 d6 3. d4 cxd4 4. Nxd4 Nf6 5. Nc3 a6 6. Bg5 Nbd7 7. Bc4 e6 8.
Qd2 b5 9. Bxe6 fxe6 10. Nxe6 Qa5 11. Nxf8 Rxf8 12. Qxd6 Kf7 13. O-O b4 14. Nd5
Nxd5 15. exd5 Qb6 16. Qe7+ Kg8 17. Rad1 Qg6 18. Be3 Nf6 19. Kh1 Bf5 20. Qxb4
Bxc2 21. Rd2 Be4 22. f3 Bxd5 23. b3 Rac8 24. Bd4 Bf7 25. Bb2 Rc2 26. Re1 Rxd2
27. Qxd2 h6 28. Rc1 Re8 29. Kg1 Nd5 30. Bd4 Qe6 31. Bf2 Qe2 32. Qa5 Qb5 33. Qd2
Qb4 34. Qc2 Nf4 35. Rd1 Qb5 36. h4 Qe2 37. Rd2 Qe6 38. Kh2 Qg6 39. Qxg6 Bxg6
40. Bg3 Ne2 41. Rd6 Bb1 42. Rxa6 Nxg3 43. Kxg3 Re2 44. a4 Rb2 45. Rb6 Bc2 46.
a5 Rxb3 47. Rxb3 Bxb3 48. a6 Kf7 49. Kf4 Ke6 50. Ke4 Bd5+ 51. Kd4 Ba8 52. Kc5
Kf5 53. Kd6 Kf6 54. a7 g6 55. Kd7 g5 56. hxg5+ Kxg5 57. Ke6 h5 58. Kf7 h4 59.
Kg7 Kf4 60. Kf6 Kg3 61. Kg5 Bb7 62. Kh5 1/2-1/2

[Event "5th EuroChamp"]
[Site "?"]
[Date "2004.05.28"]
[Round "12.30"]
[White "Kristjansson, Stefan"]
[Black "Erturan, Yakup"]
[Result "1-0"]
[WhiteElo "2404"]
[BlackElo "2273"]
[PlyCount "101"]
[EventDate "2004.05.28"]

1. e4 e6 2. d4 d5 3. e5 c5 4. c3 Nc6 5. Nf3 Qb6 6. a3 c4 7. g3 Bd7 8. h4 Na5 9.
Nbd2 O-O-O 10. Bh3 f5 11. exf6 gxf6 12. O-O Ne7 13. Re1 Nf5 14. Qc2 Bd6 15.
Rxe6 Bxe6 16. Bxf5 Bxf5 17. Qxf5+ Kb8 18. Rb1 Qc7 19. Nf1 Rhg8 20. Bh6 Rg6 21.
Bd2 Nc6 22. h5 Rgg8 23. Re1 Qc8 24. Nh4 Ne7 25. Qxf6 Qc7 26. Bg5 Nc8 27. Bh6
Qb6 28. Re6 Rge8 29. Nf5 Rxe6 30. Qxe6 Qxb2 31. Nxd6 Nxd6 32. Bf4 Qb6 33. Ne3
Ka8 34. Nxd5 Qc6 35. Qe7 Rd7 36. Qf8+ Qc8 37. Qxc8+ Nxc8 38. Nc7+ Kb8 39. Ne6+
Ka8 40. g4 b6 41. Be5 Ne7 42. g5 Nd5 43. g6 hxg6 44. hxg6 Ne7 45. g7 Ng8 46. f4
Kb7 47. Kf2 Kc6 48. Ke3 Kb5 49. f5 Ka4 50. Kd2 Kxa3 51. Kc2 1-0

[Event "5th EuroChamp"]
[Site "?"]
[Date "2004.05.28"]
[Round "12.33"]
[White "Bayram, Yakup"]
[Black "Mamedjarova, Turkan"]
[Result "1-0"]
[WhiteElo "2292"]
[BlackElo "2191"]
[PlyCount "148"]
[EventDate "2004.05.28"]

1. d4 d5 2. c4 e6 3. Nc3 Nf6 4. cxd5 exd5 5. Bg5 Be7 6. e3 O-O 7. Bd3 h6 8. Bh4
c6 9. Qc2 Re8 10. h3 Ne4 11. Bxe7 Qxe7 12. Nxe4 dxe4 13. Bc4 Nd7 14. O-O-O b5
15. Bb3 Bb7 16. Kb1 c5 17. dxc5 Nxc5 18. Ne2 Nd3 19. Nd4 Rec8 20. Qd2 b4 21.
Bc2 Ba6 22. f3 Qc5 23. fxe4 Ne5 24. Rc1 Qa5 25. Ka1 Nc4 26. Qf2 Ne5 27. Bb3 Bc4
28. Bxc4 Rxc4 29. Rxc4 Nxc4 30. Rf1 Kh8 31. Qxf7 Nxe3 32. Nf5 Nxf5 33. exf5 Qa6
34. Re1 Qc6 35. Qg6 Qc2 36. Qd6 Rc8 37. Rb1 Qxf5 38. Qxb4 a5 39. Qb7 Qc2 40. a3
a4 41. Re1 Rd8 42. Qf3 Rb8 43. Re2 Qc1+ 44. Ka2 Qc4+ 45. Kb1 Rc8 46. Qe4 Qc1+
47. Ka2 Qd1 48. Qf3 Qc1 49. Qd3 Rb8 50. Rc2 Qe1 51. Qc4 Qe8 52. Qd5 Rd8 53. Qc4
Qd7 54. Re2 Rc8 55. Qe6 Qb7 56. Re4 Ra8 57. g4 Ra6 58. Rb4 Rxe6 59. Rxb7 Re3
60. b3 Re2+ 61. Kb1 Re1+ 62. Kc2 Re2+ 63. Kc3 Re3+ 64. Kc4 Rxh3 65. bxa4 Rxa3
66. Rb4 Kh7 67. Kb5 Kg6 68. a5 h5 69. gxh5+ Kxh5 70. a6 g5 71. Ra4 Rb3+ 72. Kc6
Rc3+ 73. Kd7 Rd3+ 74. Ke7 Rc3 1-0

[Event "5th EuroChamp"]
[Site "?"]
[Date "2004.05.28"]
[Round "12.35"]
[White "Makolli, Perparim"]
[Black "Bente, Bjoern"]
[Result "1/2-1/2"]
[WhiteElo "2228"]
[BlackElo "2219"]
[PlyCount "94"]
[EventDate "2004.05.28"]

1. e4 e6 2. d4 d5 3. e5 c5 4. c3 Nc6 5. Nf3 Bd7 6. Be2 Nge7 7. Na3 Ng6 8. h4
cxd4 9. cxd4 Bb4+ 10. Kf1 h6 11. Nc2 Be7 12. g3 Nf8 13. Bd2 Qb6 14. b4 a5 15.
b5 Nb4 16. a4 Nxc2 17. Qxc2 Rc8 18. Qb2 Nh7 19. Qb1 O-O 20. g4 f5 21. g5 hxg5
22. hxg5 g6 23. Rh6 Kg7 24. Kg2 Rh8 25. Qh1 Nxg5 26. Nxg5 Rxh6 27. Nxe6+ Bxe6
28. Qxh6+ Kf7 29. Be3 Rg8 30. Rh1 Qd8 31. Bd2 b6 32. Rc1 Rh8 33. Qe3 Rh4 34.
Bf3 f4 35. Qb3 g5 36. Rh1 Rxh1 37. Kxh1 g4 38. Be2 f3 39. Bf1 Bh4 40. Qe3 Ke7
41. Qh6 Kd7 42. Kg1 Be7 43. Bd3 Qg8 44. Bh7 Qe8 45. Bd3 Qg8 46. Qh7 Qxh7 47.
Bxh7 Bh4 1/2-1/2

[Event "5th EuroChamp"]
[Site "?"]
[Date "2004.05.28"]
[Round "12.36"]
[White "Demirel, Tolga"]
[Black "Goksel, Doga Cihan"]
[Result "1-0"]
[WhiteElo "2183"]
[BlackElo "2130"]
[PlyCount "75"]
[EventDate "2004.05.28"]

1. d4 d5 2. c4 c6 3. Nf3 Nf6 4. e3 e6 5. Nbd2 c5 6. cxd5 exd5 7. Bb5+ Nbd7 8.
O-O a6 9. Ba4 b5 10. Bc2 Bb7 11. dxc5 Bxc5 12. b3 O-O 13. Bb2 Re8 14. Nd4 Rc8
15. N2f3 Ne4 16. Ne2 Qe7 17. Qd3 Qe6 18. Rad1 Qh6 19. Ned4 Qh5 20. Rc1 Bd6 21.
Bb1 Ndc5 22. Qe2 b4 23. Bd3 Rc7 24. Rc2 Bc8 25. Rfc1 Rce7 26. Qf1 Bd7 27. Bxa6
Re6 28. Nxe6 Rxe6 29. Be2 Rh6 30. g3 Bg4 31. Nh4 g5 32. Bxg4 Qxg4 33. f3 Qe6
34. fxe4 gxh4 35. Rxc5 hxg3 36. Rc8+ Bf8 37. Qf5 Qa6 38. Qg5+ 1-0

[Event "5th European Individual Chess "]
[Site "Justiniano Hotel Belek, Turke"]
[Date "2004.05.29"]
[Round "13.11"]
[White "Agrest, Evgenij"]
[Black "Nyback, Tomi"]
[Result "1-0"]
[WhiteElo "2601"]
[BlackElo "2545"]
[PlyCount "129"]
[EventDate "2004.05.15"]

1. c4 Nf6 2. Nc3 e5 3. Nf3 Nc6 4. d3 Bb4 5. e4 d6 6. Be2 h6 7. O-O O-O 8. a3
Bxc3 9. bxc3 Nh7 10. Ne1 f5 11. exf5 Bxf5 12. Nc2 Nf6 13. f4 exf4 14. Bxf4 Qd7
15. Ne3 Bg6 16. Nd5 Rae8 17. Ra2 Kh8 18. Rb2 b6 19. h3 Rf7 20. Bc1 Ref8 21. Nf4
Bh7 22. Qe1 Ne7 23. h4 Ng6 24. Nh3 Ne5 25. Rd2 Bf5 26. Nf4 Kh7 27. Rd1 Ng6 28.
Qg3 Re8 29. Rde1 Rfe7 30. Nxg6 Bxg6 31. Qf2 Re6 32. Bd2 Qe7 33. h5 Nxh5 34. Bg4
Re5 35. d4 Nf6 36. dxe5 Nxg4 37. exd6 Qxd6 38. Qf4 Qc5+ 39. Qd4 Qh5 40. Bf4 c5
41. Qd5 Rxe1 42. Rxe1 Qh4 43. Rf1 Nf6 44. Qf3 Be4 45. Qf2 Qh5 46. Re1 Bd3 47.
Qf3 Qxf3 48. gxf3 Bxc4 49. Bb8 a6 50. Re7 Nd5 51. Rb7 Nxc3 52. Be5 Ne2+ 53. Kf2
Kg6 54. Rxb6+ Kf5 55. Bxg7 Nf4 56. Bxh6 Ne6 57. Be3 Bb5 58. Ke1 Ke5 59. Kd2 Bf1
60. Rb1 Bb5 61. Rh1 Bc6 62. Rh5+ Kd6 63. f4 Bf3 64. Rh6 Be4 65. Bxc5+ 1-0

[Event "5th European Individual Chess "]
[Site "Justiniano Hotel Belek, Turke"]
[Date "2004.05.29"]
[Round "13.12"]
[White "Anastasian, Ashot"]
[Black "Gashimov, Vugar"]
[Result "0-1"]
[WhiteElo "2587"]
[BlackElo "2565"]
[PlyCount "132"]
[EventDate "2004.05.15"]

1. d4 Nf6 2. c4 e6 3. Nf3 c5 4. Nc3 cxd4 5. Nxd4 Bb4 6. Bd2 O-O 7. Nc2 Bc5 8.
e3 d5 9. cxd5 exd5 10. Be2 Nc6 11. O-O a6 12. Rc1 Re8 13. Na4 Bd6 14. Be1 Bf5
15. Nd4 Nxd4 16. exd4 Qb8 17. h3 Bh2+ 18. Kh1 Bf4 19. Bd2 Ne4 20. Bxf4 Qxf4 21.
Kg1 Re6 22. Nc3 Rg6 23. Bh5 Rd6 24. Bg4 Rad8 25. Bxf5 Qxf5 26. Qg4 Qxg4 27.
hxg4 Kf8 28. f3 Ng5 29. Ne2 Re8 30. Kf2 Ne6 31. Rc2 Nd8 32. Rc7 Rb6 33. b3 Ne6
34. Rc3 a5 35. a3 Ke7 36. Ke3 Kd6 37. Kd3 h6 38. Rh1 Rc6 39. Rf1 Rxc3+ 40. Kxc3
Rc8+ 41. Kd3 b5 42. g3 Ng5 43. Nc3 b4 44. axb4 axb4 45. Na4 Ra8 46. Rf2 Ne6 47.
f4 Nd8 48. Re2 Nc6 49. Re1 Ne7 50. Re5 Ng8 51. g5 hxg5 52. Rxg5 g6 53. f5 Ne7
54. f6 Nf5 55. g4 Nh6 56. Re5 Nxg4 57. Re7 Nxf6 58. Rxf7 Ke6 59. Rb7 g5 60.
Rxb4 g4 61. Rb7 Rg8 62. Rc7 g3 63. Rc1 g2 64. Rg1 Kf5 65. Ke2 Kf4 66. Nc3 Kg3
0-1

[Event "5th European Individual Chess "]
[Site "Justiniano Hotel Belek, Turke"]
[Date "2004.05.29"]
[Round "13.14"]
[White "Hulak, Krunoslav"]
[Black "Iljushin, Alexei"]
[Result "0-1"]
[WhiteElo "2550"]
[BlackElo "2529"]
[PlyCount "102"]
[EventDate "2004.05.15"]

1. c4 c5 2. g3 Nc6 3. Nc3 g6 4. Bg2 Bg7 5. a3 a6 6. Rb1 d5 7. d3 e5 8. Nf3 Nge7
9. O-O O-O 10. Ne1 Be6 11. Nc2 a5 12. cxd5 Nxd5 13. Ne3 Nde7 14. Bd2 Rc8 15.
Ne4 Nd4 16. b4 cxb4 17. axb4 a4 18. Nc5 b5 19. Nc2 Bd5 20. Na3 Bxg2 21. Kxg2
Rb8 22. e3 Qd5+ 23. f3 Ne6 24. e4 Qd6 25. Be3 Rfd8 26. Rf2 Nd4 27. Nc2 Nec6 28.
Nxd4 Nxd4 29. Ra2 Bf8 30. Ra3 Qb6 31. Rc3 Qa7 32. Rbc1 Bxc5 33. Rxc5 Ne6 34.
R1c3 Nxc5 35. Bxc5 Qa6 36. Qa1 Qe6 37. h4 h5 38. Qe1 Rb7 39. Ra3 Rbd7 40. Qe3
f5 41. Rc3 Kh7 42. Qd2 fxe4 43. fxe4 Rf7 44. Qg5 Re8 45. Be3 Qf6 46. Qh6+ Kg8
47. Kg1 Ref8 48. Kh2 g5 49. Qxf6 Rxf6 50. hxg5 Rg6 51. Ra3 Rf1 0-1

[Event "5th European Individual Chess "]
[Site "Justiniano Hotel Belek, Turke"]
[Date "2004.05.29"]
[Round "13.16"]
[White "Chatalbashev, Boris"]
[Black "Radulski, Julian"]
[Result "1/2-1/2"]
[WhiteElo "2543"]
[BlackElo "2497"]
[PlyCount "76"]
[EventDate "2004.05.15"]

1. d4 e6 2. c4 f5 3. g3 Nf6 4. Bg2 c6 5. Nf3 d5 6. O-O Be7 7. b3 Ne4 8. Ba3 Nd6
9. Nc3 O-O 10. Rc1 Qa5 11. Bxd6 Bxd6 12. c5 Be7 13. Ne5 Nd7 14. Nd3 Bf6 15. e3
Qd8 16. f4 b6 17. b4 bxc5 18. bxc5 Ba6 19. Rf2 Qa5 20. Bf1 Rab8 21. Qd2 Bd8 22.
a4 Bc7 23. h3 Bxd3 24. Bxd3 Rb3 25. g4 Qb4 26. Qc2 Ba5 27. Nd1 g6 28. Rb1 Qe1+
29. Kg2 Rxb1 30. Qxb1 Rb8 31. Qc2 Nf6 32. Rf1 Qb4 33. Nf2 Qd2 34. g5 Qxc2 35.
Bxc2 Ne4 36. Nxe4 fxe4 37. Rb1 Rxb1 38. Bxb1 Be1 1/2-1/2

[Event "5th European Individual Chess "]
[Site "Justiniano Hotel Belek, Turke"]
[Date "2004.05.29"]
[Round "13.17"]
[White "Grunberg, Mihai-Lucian"]
[Black "Stocek, Jiri"]
[Result "0-1"]
[WhiteElo "2401"]
[BlackElo "2543"]
[PlyCount "108"]
[EventDate "2004.05.15"]

1. Nf3 d6 2. d4 Bg4 3. e4 Nf6 4. Nc3 e6 5. Be2 Be7 6. Be3 c6 7. Nd2 Bxe2 8.
Qxe2 d5 9. O-O dxe4 10. Ndxe4 Nbd7 11. Rfd1 O-O 12. Nxf6+ Nxf6 13. Bg5 Re8 14.
Rd3 Qa5 15. Bxf6 Bxf6 16. Ne4 Be7 17. Rg3 Rad8 18. c3 Qd5 19. h4 h5 20. Qf3 Qf5
21. Ng5 Qxf3 22. Rxf3 Bxg5 23. hxg5 e5 24. Re1 exd4 25. Rxe8+ Rxe8 26. cxd4 Rd8
27. Ra3 a6 28. Rb3 Rd7 29. g3 Kh7 30. f4 Kg6 31. Kf2 Kf5 32. Kf3 b5 33. Rc3
Rxd4 34. Rc5+ Rd5 35. Rxc6 Rd3+ 36. Kf2 Kg4 37. Rxa6 Rf3+ 38. Ke2 Kxg3 39. g6
Rxf4 40. gxf7 Rxf7 41. Rg6+ Kf4 42. Kf2 Rb7 43. Kg2 Kf5 44. Rc6 Re7 45. b3 g5
46. a4 bxa4 47. bxa4 Re4 48. a5 Ra4 49. Ra6 Kf4 50. Ra8 Ra2+ 51. Kf1 h4 52. a6
Kg3 53. a7 g4 54. Rb8 Ra1+ 0-1

[Event "5th European Individual Chess "]
[Site "Justiniano Hotel Belek, Turke"]
[Date "2004.05.29"]
[Round "13.18"]
[White "Akesson, Ralf"]
[Black "Mastrovasilis, Athanasios"]
[Result "0-1"]
[WhiteElo "2476"]
[BlackElo "2488"]
[PlyCount "68"]
[EventDate "2004.05.15"]

1. d4 Nf6 2. c4 e6 3. Nc3 Bb4 4. Qc2 O-O 5. a3 Bxc3+ 6. Qxc3 b6 7. Bg5 Bb7 8.
f3 d5 9. e3 Re8 10. Nh3 h6 11. Bh4 Nc6 12. Nf2 dxc4 13. Bxc4 e5 14. dxe5 Nxe5
15. Rd1 Qe7 16. Be2 Ne4 17. Nxe4 Qxh4+ 18. Ng3 Qe7 19. O-O Ng6 20. e4 Nh4 21.
Rd2 Rad8 22. Rfd1 Rxd2 23. Qxd2 Qc5+ 24. Kf1 Bc8 25. b4 Qe5 26. Rc1 Ng6 27. Kf2
Nf4 28. Qc3 Qg5 29. Bf1 Rd8 30. Qxc7 Be6 31. Re1 Rd2+ 32. Kg1 h5 33. Qc3 h4 34.
Kh1 Rf2 0-1

[Event "5th European Individual Chess "]
[Site "Justiniano Hotel Belek, Turke"]
[Date "2004.05.29"]
[Round "13.20"]
[White "Van Der Stricht, Geert"]
[Black "Cheparinov, Ivan"]
[Result "0-1"]
[WhiteElo "2450"]
[BlackElo "2555"]
[PlyCount "116"]
[EventDate "2004.05.15"]

1. d4 Nf6 2. c4 e6 3. Nc3 Bb4 4. e3 O-O 5. Bd3 d5 6. Nf3 c5 7. O-O dxc4 8. Bxc4
Qe7 9. a3 Ba5 10. Qe2 Rd8 11. Rd1 Nc6 12. h3 h6 13. Ba2 Bd7 14. Bd2 Bb6 15.
dxc5 Bxc5 16. e4 e5 17. Nd5 Nxd5 18. exd5 Nd4 19. Nxd4 exd4 20. Qxe7 Bxe7 21.
Bb4 Bf6 22. Bc5 d3 23. Rxd3 Bxb2 24. Re1 Bf6 25. Be7 Re8 26. d6 Rac8 27. Bb3 b5
28. Rde3 Rc6 29. Bd5 Rc5 30. Bf3 Rc3 31. Rxc3 Bxc3 32. Rc1 Rc8 33. Bb7 Rc5 34.
Ba6 Bb4 35. Ra1 Bd2 36. Ra2 Bc1 37. Bd8 Bf4 38. Kf1 Be6 39. Ra1 Bxd6 40. Ba5
Rf5 41. Bb7 Bc5 42. Bf3 Bc4+ 43. Kg1 Bd5 44. Bxd5 Bxf2+ 45. Kh2 Rxd5 46. Rc1
Rd3 47. Bb4 Bg3+ 48. Kg1 a5 49. Bxa5 Rxa3 50. Bb4 Rb3 51. Ba5 b4 52. Kf1 Rb2
53. Bb6 g5 54. Bd4 Rd2 55. Be3 Rd3 56. Rc8+ Kh7 57. Ke2 Rd5 58. Rc1 Re5 0-1

[Event "5th European Individual Chess "]
[Site "Justiniano Hotel Belek, Turke"]
[Date "2004.05.29"]
[Round "13.21"]
[White "Halkias, Stelios"]
[Black "Petrosian, Tigran L"]
[Result "1/2-1/2"]
[WhiteElo "2541"]
[BlackElo "2539"]
[PlyCount "27"]
[EventDate "2004.05.15"]

1. d4 Nf6 2. c4 g6 3. Nc3 d5 4. Nf3 Bg7 5. Bf4 O-O 6. Rc1 dxc4 7. e3 c5 8. Bxc4
cxd4 9. Nxd4 a6 10. O-O Nbd7 11. Nb3 b5 12. Bd5 Nxd5 13. Qxd5 Ra7 14. Rfd1
1/2-1/2